Estadísticas para Prueba de Chad

Haz click aquí para tomar la prueba!

Estadísticas generales

  • Esta prueba ha sido tomada 406 veces
  • La puntuación promedio es 14 de 18

Estadísticas de respuestas

PistaRespuesta% Correcto
Desierto que cubre el tercio norte del ChadSahara
99%
Países limítrofesSudán
96%
Países limítrofesNíger
94%
Países limítrofesLibia
93%
País europeo cuya bandera es casi idéntica:
Rumania
93%
Idiomas oficialesFrancés
92%
Países limítrofesNigeria
87%
Países limítrofesRepública Centroafricana
84%
Idiomas oficialesÁrabe
83%
Países limítrofesCamerún
81%
¿Qué representa el 96% de las exportaciones del Chad?Petróleo
77%
CapitalYamena
71%
El sector más grande de la economía del ChadAgricultura
64%
La fruta que crece en las palmeras en los oasis de la respuesta anteriorDátiles
64%
Estilo de matrimonio que es común, con el 39% de las mujeres viviendo en tal uniónPoligamia
58%
El país de Chad lleva el nombre de un ____Lago
55%
Detrás de Kazajistán y Mongolia, Chad es el tercer país más grande del mundo que es ___________.Sin litoral
45%
Un tercio de la población pertenece a este grupo étnico
(pista: comienza con S)
Sara
23%

Distribución de puntuación

Porcentaje por número respondido

Porcentaje de gente con cada puntuación

Historial de tus puntuaciones

No has tomado esta prueba